000 00342nam a2200133Ia 4500
008 240624s9999 xx 000 0 und d
041 _aeng
082 _a519 GUP
100 _aGUPTA PARMANAND
245 _aCOMPREHENSIVE MATHEMATICS
260 _aBangalore
_bLaxmi Publications (P) Ltd.
300 _axii, : 1354 : p. : cm. ; 24
365 _cRS
999 _c8885
_d8885